| 000 | 00628nam a22002057a 4500 | ||
|---|---|---|---|
| 003 | BUBTL | ||
| 008 | 151231b xxu||||| |||| 00| 0 eng d | ||
| 020 | _a9789848980538 | ||
| 082 | _a004 / R1293c | ||
| 100 |
_93747 _aRahman, M. Lutfar |
||
| 245 |
_aComputer fundamentals / _c M. Lutfar Rahman, M. Alamgir Hossain |
||
| 250 | _a1st ed. | ||
| 260 |
_aDhaka, _bSystech Publication Ltd. : _cc2013. |
||
| 300 |
_ax, 355 p. : _bIll. ; _c21 cm. |
||
| 650 | 0 |
_aComputer Science _xFundamental _93751 |
|
| 700 |
_93750 _a Hossain, M. Alamgir |
||
| 856 |
_k0 _l0 _yDownload |
||
| 942 |
_2ddc _cBK |
||
| 999 |
_c5077 _d5077 |
||